| 000 | 00945nmc a2200289 a 4500 | ||
|---|---|---|---|
| 003 | AR-BaBNM | ||
| 005 | 20251128210222.0 | ||
| 008 | 189019s1999 ||||||||||||||000 | spa|| | ||
| 020 | _a950-550-257-5 | ||
| 040 | _cAR-BaBNM | ||
| 100 | 1 | _aSánchez Iniesta, Tomás | |
| 245 | 1 | 0 |
_aOrganizar los contenidos para ayudar a aprender _bun modelo de secuencia de los contenidos básicos comunes |
| 260 |
_aBuenos Aires _bMagisterio del Río de La Plata _c1999 |
||
| 300 | 0 |
_a239 p. _btablas, diagr. |
|
| 490 | 0 | _aRespuestas educativas | |
| 500 | 0 | _aRelación de cuadros gráficos: p. 231-235 | |
| 504 | _aContiene bibliografía p. 237-239 | ||
| 650 | 4 | _aCURRICULO | |
| 653 | 0 | _aCONTENIDOS BASICOS COMUNES | |
| 653 | 0 | _aORGANIZACION CURRICULAR | |
| 653 | 0 | _aPROYECTOS CURRICULARES | |
| 653 | 0 | _aCONTENIDOS CURRICULARES | |
| 653 | 0 | _aPROYECTO EDUCATIVO INSTITUCIONAL | |
| 653 | 0 | _aAREAS CURRICULARES | |
| 942 | _cBK | ||
| 998 | _cRaquel | ||
| 999 |
_c14558 _d14558 |
||